000 00851nas a2200277 4500
001 BR0902689
003 BR-BrBNA
005 20231205113354.0
007 ta
008 230509b bl.|||p| |||| 00| 00por d
040 _aBR-BrBNA
_bpor
_cBiblioteca Nacional de Agricultura
041 _a(Pt)
072 _aS30; S01
100 1 _aGuerra, M.M.M.
245 1 _aA dieta mediterrânea na perspectiva de uma alimentação saudável pela riqueza de alimentos funcionais
650 _aALIMENTO
650 _aDIETA
650 _aSAÚDE
650 _aPADRÃO DE ALIMENTO
650 _aHÁBITO ALIMENTAR
650 _aBALANCEAMENTO
650 _aPADRÃO DE ALIMENTO
773 0 _tHigiene Alimentar (Brazil)
_xISSN 0101-9171
_g(Mar-Apr 2009), v. 23(170-171) p. 22-27
_wBR0902689
909 _a202311
_bLúcia
_c55
_dLúcia Elande
942 _2AGRIS
_n0
_cANA
999 _c203428
_d203428